<?xml version="1.0" encoding="UTF-8"?>
<marc:record xmlns:marc="http://www.loc.gov/MARC21/slim">
   <marc:leader>00000nam a2200000 a 4500</marc:leader>
   <marc:datafield ind1=" " ind2=" " tag="653">
      <marc:subfield code="a">Psychologie</marc:subfield>
   </marc:datafield>
   <marc:datafield ind1=" " ind2=" " tag="653">
      <marc:subfield code="a">Emotion</marc:subfield>
   </marc:datafield>
   <marc:datafield ind1=" " ind2=" " tag="653">
      <marc:subfield code="a">Atlas (Kartenwerk)</marc:subfield>
   </marc:datafield>
   <marc:datafield ind1=" " ind2=" " tag="653">
      <marc:subfield code="a">Phantasie</marc:subfield>
   </marc:datafield>
   <marc:datafield ind1="0" ind2="0" tag="245">
      <marc:subfield code="a">Atlas der Erlebniswelten</marc:subfield>
   </marc:datafield>
   <marc:datafield ind1=" " ind2="1" tag="264">
      <marc:subfield code="b">Eichborn</marc:subfield>
      <marc:subfield code="c">2000</marc:subfield>
   </marc:datafield>
   <marc:datafield ind1="1" ind2=" " tag="520">
      <marc:subfield code="a">Klappentext
Texte von Ilja Maso und Saskia Sombeek. Mit 21 Kartenbildern und einer speraten Übersichtskarte. Ein Buch zum Stöbern und Gestalten, in dem die klassische Landkarte zur Spielwiese wird für die eigene Phantasie. Namen von Städten, Flüssen und Bergen werden ersetzt durch Begriffe aus unserem Handeln und Erleben. Eingeleitet wird jede Reise durch die unterschiedlichen Welten unseres Erlebens mit einem kurzen philosophischen Essay - Reflexionen über die Balance von Kunst und Leben: Lebenskunst.</marc:subfield>
   </marc:datafield>
   <marc:datafield ind1=" " ind2=" " tag="020">
      <marc:subfield code="a">9783821835693</marc:subfield>
      <marc:subfield code="9">9783821835693</marc:subfield>
   </marc:datafield>
   <marc:datafield ind1=" " ind2=" " tag="338">
      <marc:subfield code="a">Band</marc:subfield>
   </marc:datafield>
   <marc:datafield ind1=" " ind2=" " tag="300">
      <marc:subfield code="a">95 S. : graph. Darst., Ill.</marc:subfield>
   </marc:datafield>
</marc:record>
